Zahlen Quiz - Statistiken

Allgemein
  • Dieses Quiz wurde 73 mal gespielt
  • Das Durchschnittsergebnis liegt bei 15 aus 20
Antwortstatistiken
Frage Zahl % Korrekt
Der wievielte Planet ist der Jupiter? (von der Sonne ausgehend) 5
97%
Wie viele Sterne hat die amerikanische Flagge? 50
97%
Wie viele Nachbarländer hat Brasilien? 10
93%
In welchem Jahr sank die Titanik auf den Grund des Nordatlantiks? 1912
90%
Wie viele Zähne hat ein erwachsener Mensch? (inklusive Weisheitszähne) 32
88%
Wie viele Bundesländer hat Deutschland? 16
87%
Aus wie vielen Monaten besteht der islamische Kalender? 12
79%
Wie alt wurde Amy Winehouse? 27
79%
Wie viele verschiedene Euro- Banknoten gibt es? 6
79%
Wie viel Liter sind 8 Kubikmeter? 8000
79%
Wie lang ist eine Halbzeitpause im Fußball? (in Sekunden) 900
79%
Das wievielte Tierkreiszeichen ist die Waage? 7
78%
In welchem Jahr starb Michael Jackson? 2009
75%
Wie viele Kinder hat Heidi Klum? 4
73%
Wie lautet die Notrufnummer der USA? 911
73%
Wie viele Knöpfe hat die blaue Jacke von Donald Duck? 0
55%
Wie viele James Bond Filme gibt es? 25
54%
Wie lang ist ein Marathon? (in Metern) 42195
34%
Wie hoch ist ein Fußballtor in der Bundesliga? (in cm) 244
33%
Wie hoch ist der aktuelle gesetzliche Mindestlohn in Deutschland? (in Cent) 1282
31%
Keine übereinstimmenden Quizze gefunden
Verteilung der Resultate
Anzahl Personen mit jedem Resultat
Perzentil nach korrekt beantworteten Fragen
Ihre Resultats-Entwicklung
Sie haben dieses Quiz noch nicht gespielt